Регионална библиотека "Любен Каравелов" - Русе

Танц на съдбата (Запис номер 15190)

MARC детайли
000 -Лидер
Контролно поле с фиксирана дължина 01273nam a2200313 c 4500
003 - Код на организацията, давaща контролен номер
Контролно поле BLK
005 - Дата и час на последна редакция
Контролно поле 20180422094639.0
008 - Елементи от данни с фиксирана дължина
fixed length control field 180413b bul|||||r ||||||| ||bul||
010 ## - Наследен системен номер
LC control number KNG00016957000
040 ## - Източник на каталожния запис
Идентификатор на билиотеката - собственик на записа BLK
041 ## - Код за език
Код за езика на текст/звукозапис или на отделно заглавие Български
Код за езика КДБФ Български
080 ## - УДК
Текстов определител УДК Англоканадска литература
УДК код - определител по УДК 821.111(71)
УДК определител -31
УДК - код + определител 821.111(71)-31
100 1# - Редна дума - Автор
Автор Алан, Шарлот Вейл
Авторска отговорност първи автор
Автор - информация (биография) Алън, Шарлот Вейл
R(LIN) 256591
139 ## - Редно поле
Редна дума Алън, Шарлот Вейл
Авторски знак Алш - А 59
245 10 - Сведения за заглавието
Заглавие Танц на съдбата
Подзаглавни данни Роман
Редно поле (дума) Шарлот Вейл Алън; Шарлот Вейл Алан; прев. от англ. Анжела Лазарова-Петрова.
257 ## - Страна на издаване
Страна на създаване/издаване Канада
260 ## - Област на издателските данни
-- София
Име на издателя, разпространителя и проч. Плеяда
Година на издаване 1996
Печатница Враца : Полипринт
300 ## - Физическа характеристика
Страници 464 с.
Размери/Мащаб 20 см
380 ## - Жанр
Жанр Худож. лит.
500 ## - Общи забележки
Забележка Ориг. загл. Time / Steps / Charlotte Vale Allen. - 2 500 тир.
653 ## - Ключова дума – ненормативна
Ключова дума романи
700 1# - Други автори (авторска отговорност)
Лично име Алън, Шарлот Вейл
9 (RLIN) 364525
700 1# - Други автори (авторска отговорност)
Лично име Лазарова-Петрова, Анжела
Автороска отговорност (Описва отношението между автора и произведението) прев. от англ.
9 (RLIN) 364106
852 ## - Местоположение
Форматна сигнатура Цб 191772
856 4# - Електронен адрес и достъп
Електронен формат pdf - файл
Път до файла /url/
856 4# - Електронен адрес и достъп
Електронен формат pdf - файл
Път до файла /url/
942 ## - АРТИКУЛИ
Вид на библиотечния материал Книги
Скрит в OPAC Не
944 ## - СЪЗДАВАНЕ И РЕДАКЦИЯ на ЗАПИСА
Създаване/Редакция Създаване
Дата на регистрацията/редакция 15.01.2003
Статус, дата на статуса ф /
Служител, извършил регистрацията/редакцията Людмила_Стоянова
944 ## - СЪЗДАВАНЕ И РЕДАКЦИЯ на ЗАПИСА
Създаване/Редакция Редакция
Дата на регистрацията/редакция 29.09.2010
Статус, дата на статуса ф /
Служител, извършил регистрацията/редакцията
999 ## - СИСТЕМНИ КОНТРОЛНИ НОМЕРА
Koha biblionumber 15190
Koha biblioitemnumber 15190
Наличности
Код за отписване Код за изгубен артикул Източник на класификационната схема Код за повреда Коз за рестрикции Код за отдаване Артикулен № Име на библиотеката - собственик Име на библиотеката, в която се намира в момента Статус (Текущо местоположение) Дата на вписване в системата Местоположение - отдел Цена в лева Инвентарен номер Систематично азбучна сигнатура Баркод Номер на екземпляра Цена в евро Служебна бележка Служебен тип на артикула
  Не е изгубен Universal Decimal Classification Не е повреден без рестрикции ползва се в читалня 25810 Регионална библиотека "Любен Каравелов" Русе Регионална библиотека "Любен Каравелов" Русе Хранилище 2001-01-01 Хранилище 0.68 631804 Цб 191772 120000631804 1 0.35 Дост: Dp Вид: Д N: стар фонд Дата: 01.01.1996 Книги
Изтеглен Не е изгубен Universal Decimal Classification Не е повреден без рестрикции заемане за дома 25811 Регионална библиотека "Любен Каравелов" Русе Регионална библиотека "Любен Каравелов" Русе Заемна - подръчен фонд 2001-01-01 Заемна - подръчен фонд 0.68 628559 П 820(71)-31/А 46 628559 2 0.35 Дост: Pk Вид: Ф N: стар фонд Дата: 01.01.1996 Книги
Vip Innovations Ltd, Rousse, Bulgaria 2025